Shilar akharere likha nam (Record no. 2818)

MARC details
000 -LEADER
fixed length control field 00495cam a2200193ua 4500
001 - CONTROL NUMBER
control field 2972
005 - DATE AND TIME OF LATEST TRANSACTION
control field 20260515113619.0
008 - FIXED-LENGTH DATA ELEMENTS--GENERAL INFORMATION
fixed length control field 110920n ii |||gr||||Z||||||asm
040 ## - CATALOGING SOURCE
Transcribing agency MAIN
082 ## - DEWEY DECIMAL CLASSIFICATION NUMBER
Classification number 920
100 1# - MAIN ENTRY--PERSONAL NAME
Personal name Khan, M. Abdul Majid,
Relator term Author.
245 11 - TITLE STATEMENT
Title Shilar akharere likha nam
Statement of responsibility, etc. by M. Abdul Majid Khan
250 ## - EDITION STATEMENT
Edition statement 1st.
260 ## - PUBLICATION, DISTRIBUTION, ETC.
Place of publication, distribution, etc. Dibrugarh:
Name of publisher, distributor, etc. Banalata,988.
300 ## - PHYSICAL DESCRIPTION
Extent 62p:
Dimensions 23cm.
653 ## - INDEX TERM--UNCONTROLLED
Uncontrolled term Biography
653 ## - INDEX TERM--UNCONTROLLED
Uncontrolled term Biography of Shilar akharere likha nam
942 ## - ADDED ENTRY ELEMENTS (KOHA)
Koha item type Books
Holdings
Withdrawn status Lost status Damaged status Not for loan Home library Current library Shelving location Date acquired Total checkouts Full call number Barcode Date last seen Copy number Price effective from Koha item type
        Naharkatiya College Library Naharkatiya College Library General stacks 09/19/2020   920 | KHA 10222 09/19/2020 1 09/19/2020 Books
        Naharkatiya College Library Naharkatiya College Library General stacks 09/19/2020   920 | KHA 10223 09/19/2020 2 09/19/2020 Books